00568nam a2200193Ia 450000500170000000800410001702000150005808200160007310000150008924500480010426000530015230000130020565000110021865000100022965000160023994200060025595200980026199900150035920240806041625.0240331s9999 xx 000 0 und d a076199422X bJOHa384.55 aJohnson, K 0aTelevision and social change in rural India aNew delhibSage Publications India Pvt Ltdc2000 a247 p ., aSocial aMedia aRural india cL 001040708LaWERCLbWERCLcSSCd2024-03-31l0o 384.55 JOHp4243r2024-03-31w2024-03-31yL c2961d2961